A life that is good : (Record no. 10566)
[ view plain ]
| 000 -LEADER | |
|---|---|
| fixed length control field | 01605cam a2200265 i 4500 |
| 001 - CONTROL NUMBER | |
| control field | 1023602166 |
| 003 - CONTROL NUMBER IDENTIFIER | |
| control field | OCoLC |
| 005 - DATE AND TIME OF LATEST TRANSACTION | |
| control field | 20250122111522.0 |
| 008 - FIXED-LENGTH DATA ELEMENTS--GENERAL INFORMATION | |
| fixed length control field | 180606t20182018miu e b 001 0 eng c |
| 020 ## - INTERNATIONAL STANDARD BOOK NUMBER | |
| International Standard Book Number | 9780802875679 |
| Qualifying information | (pbk.) |
| 020 ## - INTERNATIONAL STANDARD BOOK NUMBER | |
| International Standard Book Number | 080287567X |
| Qualifying information | (pbk.) |
| 035 ## - SYSTEM CONTROL NUMBER | |
| System control number | (OCoLC)1023602166 |
| 040 ## - CATALOGING SOURCE | |
| Original cataloging agency | PUL |
| Language of cataloging | eng |
| Description conventions | rda |
| Transcribing agency | PUL |
| Modifying agency | OCLCF |
| -- | RC0 |
| -- | UKMGB |
| -- | PTS |
| -- | WIO |
| -- | DLC |
| -- | B@L |
| 082 ## - DEWEY DECIMAL CLASSIFICATION NUMBER | |
| Classification number | 223.7 |
| Item number | PEM 1 |
| 092 ## - LOCALLY ASSIGNED DEWEY CALL NUMBER (OCLC) | |
| Classification number | 223.7 |
| Item number | P394L |
| 100 1# - MAIN ENTRY--PERSONAL NAME | |
| Personal name | Pemberton, Glenn, |
| Relator term | author |
| 245 12 - TITLE STATEMENT | |
| Title | A life that is good : |
| Remainder of title | the message of Proverbs in a world wanting wisdom / |
| Statement of responsibility, etc. | Glenn Pemberton |
| 264 #1 - PRODUCTION, PUBLICATION, DISTRIBUTION, MANUFACTURE, AND COPYRIGHT NOTICE | |
| Place of production, publication, distribution, manufacture | Grand Rapids, Michigan : |
| Name of producer, publisher, distributor, manufacturer | William B. Eerdmans Publishing Company, |
| Date of production, publication, distribution, manufacture, or copyright notice | 2018 |
| 264 #4 - PRODUCTION, PUBLICATION, DISTRIBUTION, MANUFACTURE, AND COPYRIGHT NOTICE | |
| Date of production, publication, distribution, manufacture, or copyright notice | ©2018 |
| 300 ## - PHYSICAL DESCRIPTION | |
| Extent | xviii, 236 pages ; |
| Dimensions | 23 cm |
| 504 ## - BIBLIOGRAPHY, ETC. NOTE | |
| Bibliography, etc. note | Includes bibliographical references (pages 221-222) and indexes |
| 520 ## - SUMMARY, ETC. | |
| Summary, etc. | Somewhere out there is the "good life," and we're all scrambling to get it. Glenn Pemberton maintains in this book that we find the so-called good life not in good things but in living well -- and the biblical book of Proverbs teaches us how to live that life. Though based on solid biblical scholarship, A Life That Is Good is not a textbook, commentary, or comprehensive study. It is instead a readable, practical guide to the wisdom found in the ancient book of Proverbs -- wisdom on everyday living, speech, relationships, justice, money, and much more. Pastors and church groups in particular will love and benefit from this relevant guide regarding the message of Proverbs for today's world |
| 630 00 - SUBJECT ADDED ENTRY--UNIFORM TITLE | |
| Uniform title | Bible. |
| Name of part/section of a work | Proverbs |
| General subdivision | Criticism, interpretation, etc |
| 942 ## - ADDED ENTRY ELEMENTS (KOHA) | |
| Source of classification or shelving scheme | Dewey Decimal Classification |
| Koha item type | Books |
| Suppress in OPAC | No |
| Withdrawn status | Lost status | Source of classification or shelving scheme | Damaged status | Not for loan | Home library | Current Library | Shelving location | Date acquired | Total checkouts | Full call number | Barcode | Date last seen | Copy number | Price effective from | Koha item type |
|---|---|---|---|---|---|---|---|---|---|---|---|---|---|---|---|
| Dewey Decimal Classification | GRACE BIBLE COLLEGE | GRACE BIBLE COLLEGE | Biblical Studies | 2025-01-22 | 223.7 PEM | 020915 | 2025-05-01 | c.1 | 2025-01-22 | Books |